DETECTION OF GREEN LEAFHOPPER AS A VECTOR OF RICE ORANGE LEAF PHYTOPLASMA DISEASE ON RICE. ការសិក្សាភ្នាក់ងារចម្លងមមាចខៀទៅលើជំងឺRICE ORANGE LEAF PHYTOPLASMA (Record no. 20597)
[ view plain ]
| 000 -LEADER | |
|---|---|
| fixed length control field | 00616nam a22001577a 4500 |
| 003 - CONTROL NUMBER IDENTIFIER | |
| control field | LRUA |
| 005 - DATE AND TIME OF LATEST TRANSACTION | |
| control field | 20221010131548.0 |
| 008 - FIXED-LENGTH DATA ELEMENTS--GENERAL INFORMATION | |
| fixed length control field | 221010b xxu||||| |||| 00| 0 eng d |
| 040 ## - CATALOGING SOURCE | |
| Transcribing agency | RUA |
| 082 ## - DEWEY DECIMAL CLASSIFICATION NUMBER | |
| Edition number | AGR NAS 2019 B1.590 Or. |
| 100 ## - MAIN ENTRY--PERSONAL NAME | |
| 9 (RLIN) | 15345 |
| Personal name | NA ASMBO ណា សំបូរ |
| 245 ## - TITLE STATEMENT | |
| Title | DETECTION OF GREEN LEAFHOPPER AS A VECTOR OF RICE ORANGE LEAF PHYTOPLASMA DISEASE ON RICE. ការសិក្សាភ្នាក់ងារចម្លងមមាចខៀទៅលើជំងឺRICE ORANGE LEAF PHYTOPLASMA |
| 260 ## - PUBLICATION, DISTRIBUTION, ETC. (IMPRINT) | |
| Place of publication, distribution, etc. | Phnom Penh |
| Name of publisher, distributor, etc. | RUA |
| Date of publication, distribution, etc. | 2019 |
| 300 ## - PHYSICAL DESCRIPTION | |
| Extent | IX.28P |
| Other physical details | VII |
| Dimensions | 29CM |
| 942 ## - ADDED ENTRY ELEMENTS (KOHA) | |
| Source of classification or shelving scheme | |
| Koha item type | AGR |
| Price effective from | Date last seen | Permanent Location | Not for loan | Date acquired | Source of classification or shelving scheme | Koha item type | Lost status | Withdrawn status | Date last checked out | Total Checkouts | Shelving location | Damaged status | Barcode | Current Location | Full call number |
|---|---|---|---|---|---|---|---|---|---|---|---|---|---|---|---|
| 2022-10-10 | 2022-10-10 | Library Block B | 2022-10-10 | AGR | B1.590 | a069968 | Library Block B | AGR NAS 2019 B1.590 Or. | |||||||
| 2022-10-10 | 2023-07-28 | Library Block B | 2022-10-10 | AGR | 2023-07-14 | 1 | B1.590 | a070016 | Library Block B | AGR NAS 2019 B1.590 Or. | |||||
| 2022-10-10 | 2022-10-10 | Library Block B | 2022-10-10 | AGR | B1.590 | a070028 | Library Block B | AGR NAS 2019 B1.590 Or. | |||||||
| 2022-10-10 | 2022-10-10 | Library Block B | 2022-10-10 | AGR | B1.590 | a069908 | Library Block B | AGR NAS 2019 B1.590 Or. | |||||||
| 2022-10-10 | 2022-10-10 | Library Block B | 2022-10-10 | AGR | B1.590 | a070040 | Library Block B | AGR NAS 2019 B1.590 Or. |